| 000 | 00905cam a22002418i 4500 | ||
|---|---|---|---|
| 999 |
_c59824 _d59824 |
||
| 001 | 21341589 | ||
| 005 | 20230425113837.0 | ||
| 008 | 191219s2020 nju b 001 0 eng | ||
| 020 |
_a9780470972434x _q |
||
| 041 | _aeng | ||
| 080 | _a616.89 R-26 | ||
| 100 | 1 |
_aRyle, Anthony _e _917772 |
|
| 245 | 1 | 0 |
_aIntroducing cognitive analytic therapy : _bprinciples and practice of a relational approach to mental health / _cAnthony Ryle and Ian B. Kerr. |
| 250 | _aSecond edition. | ||
| 264 | 1 |
_aHoboken : _bWiley, _c2020. |
|
| 300 |
_a358 p.; _b25 cm. |
||
| 653 | _aკოგნიტური თერაპია | ||
| 653 | _aფსიქოლოგია | ||
| 653 | _aმედიცინა | ||
| 700 | 1 |
_aKerr, Ian B. _e _917773 |
|
| 776 | 0 | 8 |
_iOnline version: _tIntroducing cognitive analytic therapy _bSecond edition. _dHoboken : Wiley, 2020. _z9781119695165 _w(DLC) 2019058761 |
| 942 |
_2udc _cBK |
||